Armstrong's handbook of performance management : (Record no. 75543)
[ view plain ]
| 000 -LEADER | |
|---|---|
| fixed length control field | 01356cam a2200361 i 4500 |
| 001 - CONTROL NUMBER | |
| control field | 75543 |
| 003 - CONTROL NUMBER IDENTIFIER | |
| rucl marc code | BD-RjUL |
| 005 - DATE AND TIME OF LATEST TRANSACTION | |
| control field | 20211209082716.0 |
| 008 - FIXED-LENGTH DATA ELEMENTS--GENERAL INFORMATION | |
| fixed length control field | 190423s2018 enk b 001 0 eng d |
| 020 ## - INTERNATIONAL STANDARD BOOK NUMBER | |
| International Standard Book Number | 9780749481209 (pbk.) |
| 035 ## - SYSTEM CONTROL NUMBER | |
| System control number | (BD-RjUL)75761 |
| 040 ## - CATALOGING SOURCE | |
| Original cataloging agency | DLC |
| Language of cataloging | eng |
| Transcribing agency | DLC |
| Description conventions | rda |
| Modifying agency | DLC |
| -- | BD-RjUL |
| 041 ## - LANGUAGE CODE | |
| Language code of text/sound track or separate title | eng |
| 042 ## - AUTHENTICATION CODE | |
| Authentication code | pcc |
| 082 00 - DEWEY DECIMAL CLASSIFICATION NUMBER | |
| Classification number | 658.3125 |
| Edition number | 23 |
| Author mark and year | ARA 2018 |
| 100 1# - MAIN ENTRY--PERSONAL NAME | |
| Personal name | Armstrong, Michael, |
| Dates associated with a name | 1928- |
| Relator term | author. |
| 9 (RLIN) | 231068 |
| 245 10 - TITLE STATEMENT | |
| Title | Armstrong's handbook of performance management : |
| Remainder of title | an evidence-based guide to delivering high performance / |
| Statement of responsibility, etc. | Michael Armstrong. |
| 246 30 - VARYING FORM OF TITLE | |
| Title proper/short title | Handbook of performance management |
| 250 ## - EDITION STATEMENT | |
| Edition statement | Sixth edition. |
| 264 #1 - PRODUCTION, PUBLICATION, DISTRIBUTION, MANUFACTURE, AND COPYRIGHT NOTICE | |
| Place of production, publication, distribution, manufacture | London ; |
| -- | New York : |
| Name of producer, publisher, distributor, manufacturer | Kogan Page, |
| Date of production, publication, distribution, manufacture, or copyright notice | 2018. |
| 300 ## - PHYSICAL DESCRIPTION | |
| Pagination | ix, 257 pages ; |
| Size | 24 cm |
| 336 ## - CONTENT TYPE | |
| Content type term | text |
| Content type code | txt |
| Source | rdacontent |
| 337 ## - MEDIA TYPE | |
| Media type term | unmediated |
| Media type code | n |
| Source | rdamedia |
| 338 ## - CARRIER TYPE | |
| Carrier type term | volume |
| Carrier type code | nc |
| Source | rdacarrier |
| 504 ## - BIBLIOGRAPHY, ETC. NOTE | |
| Bibliography, etc | Includes bibliographical references and index. |
| 650 #0 - SUBJECT ADDED ENTRY--TOPICAL TERM | |
| Topical term or geographic name as entry element | Employees |
| General subdivision | Rating of. |
| 9 (RLIN) | 231069 |
| Topical term or geographic name as entry element | Performance standards. |
| 9 (RLIN) | 231070 |
| Topical term or geographic name as entry element | Performance. |
| 9 (RLIN) | 231071 |
| 776 08 - ADDITIONAL PHYSICAL FORM ENTRY | |
| Relationship information | Online version: |
| Main entry heading | Armstrong, Michael, 1928- author. |
| Title | Armstrong's handbook of performance management |
| Edition | Sixth edition. |
| Place, publisher, and date of publication | London ; New York : Kogan Page, 2017 |
| International Standard Book Number | 9780749481216 |
| Record control number | (DLC) 2017038109 |
| 942 ## - ADDED ENTRY ELEMENTS (KOHA) | |
| Source of classification or shelving scheme | Dewey Decimal Classification |
| Koha item type | Books |
| Lost status | Source of classification or shelving scheme | Damaged status | Not for loan | Permanent Location | Current Location | Shelving location | Date acquired | Source of acquisition | Cost, normal purchase price | Total Checkouts | Full call number | Date last seen | Copy number | Koha item type |
|---|---|---|---|---|---|---|---|---|---|---|---|---|---|---|
| Dewey Decimal Classification | Not For Loan | Central Library, University of Rajshahi | Central Library, University of Rajshahi | Reading Room | 10/04/2019 | Orbital International, Dhaka | 2933.21 | 658.3125 ARA 2018 | 23/04/2019 | C-1 | Books |